| 000 | 01053cad a22002655a 4500 | ||
|---|---|---|---|
| 001 | L146465 | ||
| 008 | 080430s2008 xxk f 100 0 eng d | ||
| 035 | _a(Sirsi) u146465 | ||
| 041 | 0 | _aeng | |
| 050 | 0 | 4 | _a346.41043 $2 18 |
| 111 | 2 |
_aProperty Litigation Association Seminar _bBirmingham |
|
| 245 | 0 | 0 |
_aProperty Litigation Association Birmingham Seminar _bDecember 2008 _h[electronic resource] |
| 260 |
_a[S.l.] _bPLA _c2008 |
||
| 505 | 2 | _aTenant insolvency: remedies and procedures -- CVAs: the rough guide -- Balancing the interests of landlords and creditors in pre-pack administrations | |
| 520 | _aCollection of conference papers from the Property Litigation Association's 2008 seminar in Birmingham. | ||
| 521 | 2 | _aAdvanced | |
| 590 | _aKA | ||
| 651 | 4 |
_aUnited Kingdom _y |
|
| 690 | _aPROPERTY | ||
| 700 | 1 | _aHolland, David | |
| 700 | 1 | _aLamont, Camilla | |
| 700 | 1 | _aHolland, Katharine | |
| 856 | 4 | 0 |
_uhttps://www.pla.org.uk/library/conference_papers _zView the conference papers free of charge at www.pla.org.uk... |
| 942 | _n0 | ||
| 999 |
_c109186 _d109186 |
||